LEADER 01304nam a2200289 a 4500 001 000000164908 003 CaOOAMICUS 005 20171214093311.0 008 171214s1983 it m u001 u eng r 032 $aLibriCat 040 $aPUL$bita 100 1 $aEtumonu Arimoku, Dennis.$0(OLS)http://pul/name/106120 245 14$aThe polemics of st. Augustine against Pelagius / $cDennis Etumonu Arimoku. 260 $aRomae :$b[s.n.],$c1983. 300 $axix, 194 p. ;$c24 cm. 502 $aTesi. Pontificia Universitas Urbaniana. Dogmatica. Facultas Theologiae. 1983. 504 $aBibliografia in nota a piè pagina. 600 04$aAugustinus,$cs., vesc. d'Ippona,$d354-430.$0(OLS)http://pul/subject/758 650 4$aPelagianesimo.$0(OLS)http://pul/subject/6732 710 2 $aPontificia Università Urbaniana.$bFacoltà di teologia$kTesi.$0(OLS)http://pul/name/81495 850 $aPUL 852 $aPUL$W1$xDP1 Tesi Pon. Univ. Urbaniana$y49$mTH URB TH107$j189126$qTesi$B192224$CPULBib$Z2$F192224 $H53237 $82 941 1 $a16 960 $aAgostino,$cs., vesc. d'Ippona,$d354-430$9758 996 $6245$aThe polemics of st. Augustine against Pelagius / $9(OLS)http://pul/title/204600 996 $6260$aRomae :$b[s.n.]$9(OLS)http://pul/publisher/48223 LEADER 01439namaa2200325 i 4500 001 000000178567 003 CaOOAMICUS 005 20260310121256.0 008 260310s1911 fr u000 u fre u 035 $a11045414 040 $aPUL$bita 100 1 $aMeschler, Maurice,$cs.j.,$d1830-1912,$eautore.$0(OLS)http://pul/name/34288 245 13$aLa compagnie de Jesus :$bses statuts et ses resultats /$cR. P. M. Meschler ; traduit de l'allemand per M. l'abbé Ph. Mazoyer. 260 $aParis :$bP. Lethielleux,$c[1911] 300 $a354 pagine ;$c20 cm 336 $atesto$btxt$2rdacontent 337 $asenza mediazione$bn$2rdamedia 338 $avolume$bnc$2rdacarrier 440 0$aBibliotheque des exercices 504 $aBibliografia in nota. 610 24$aGesuiti$xStoria.$0(OLS)http://pul/subject/907 700 1 $aMazoyer, Philippe,$cabate,$d1847-1918,$etraduttore.$0(OLS)http://pul/name/32340 830 0$aBibliotheque des exercices.$0(OLS)http://pul/title/220153 850 $aPUL 852 $aPUL$W1$xDP1 Fondo Benedetti Carloni$y126$m2 F 4$j157405$qFondi$B207709$CPULBib$Z2$F207709 $HBen28 $82 941 1 $a1 996 $6245$aLa compagnie de Jesus :$bses statuts et ses resultats$9(OLS)http://pul/title/220152 996 $6440$aBibliotheque des exercices$9(OLS)http://pul/title/220153 996 $6260$aParis :$bP. Lethielleux$9(OLS)http://pul/publisher/48225